000 00480nam a22002057a 4500
003 bpm
005 20260422091320.0
008 230605e2018 Ag |||| |||| 001 p spa d
024 _aS. C. C. / M. C. y E. M.:
040 _aAR-CtUCP
041 _aspa
080 _aCDU
100 _aMauriño Alejandro
245 _aEl vate solitario
260 _aCorrientes
_bAnanga Ranga
_c2018
300 _a56 p.
650 _aLiteratura - Poesía
942 _cLIB
999 _c75413
_d75413